000 01702nam a22003377a 4500
001 04738
003 HDC
007 cr bn ---
008 210117b20122012ne ||||| |||| 00| 0 eng d
022 _a1877-0428
040 _aHDC
245 0 _aWillingness to Pay for Halal Logistics
_b: The lifestyle choice
_c/ Rohana Kamaruddin, Hadijah Iberahim & Alwi Shabudin
260 _aNetherlands:
_bElsevier,
_c2012
300 _a1 online resource (8 pages)
336 _atext
_2rdacontent
337 _acomputer
_2rdamedia
338 _aonline resource
_2rdacarrier
500 _aEctract from: Procedia - Social and Behavioral Sciences 2012, volume 50 (pages722 - 729)
_aIncludes bibliographical references
650 _aHalal industry
_9144
650 _aTransportation
_xReligious aspects
_xIslam
_94940
700 _aAlwi Shabudin
_92518
_eauthor
700 _aHadijah Iberahim
_92514
_eauthor
700 _aRohana Kamaruddin
_eauthor
_92517
856 _zRequest full-text at [email protected]
856 _zRequest full-text at [email protected]
856 _zRequest full-text at [email protected]
856 _zRequest full-text at [email protected]
942 _2lcc
942 _cAR
942 _kJART 002625
999 _c2063
_d2063